Meditaciones según el método de San Ignacio sobre las verdades fundamentales para la inmienda de la vida.

Detalles Bibliográficos
Formato: Libro
Publicado: Barcelona 1887
Materias:
Colección:Banco de datos
Acervo:Biblioteca del Convento de San Pablo. Yuririahupándaro. Guanajuato
Descripción Física:t. III
Tema general:Ascética
Notas:Buena. 3A2, 11.
LEADER 00681nam a22001930004500
035 |a 35002 
036 |a 643 
245 1 0 |a Meditaciones según el método de San Ignacio sobre las verdades fundamentales para la inmienda de la vida. 
260 |a Barcelona  |b Tip. Católica imp.  |c 1887 
300 |a t. III 
500 |a Buena. 3A2, 11. 
650 1 0 |a Ascética 
949 |a CRG-CY 
959 |a Ex convento de San Pablo, Museo Regional de Yuririahpúndaro, Guanajuato  |b CCC9 
960 |a Convento San Pablo Yuririahpúndaro, Guanajuato  |b DD86 
961 |a Agustina  |b OA 
942 |c CRG-CY 
943 |g Biblioteca del Convento de San Pablo. Yuririahupándaro. Guanajuato 
999 |c 955668  |d 955668